000 00217nam a22000857a 4500
008 160628b xxu||||| |||| 00| 0 eng d
100 _91271
_aMajumdar, L
245 _aMother Teresa
260 _aN.D
_bNational Book Trust
_c1998
999 _c1040
_d1040